000 00760nam a2200241 a 4500
001 674952
005 20180209034555.0
008 961011s1995 vaua b 001 0 eng
010 _a 95080658
020 _a1558342796
040 _aDLC
_cDLC
041 _aeng
043 _an-us---
080 _a346.73045
082 0 0 _a346.73045 MAN
_221
100 1 _a14
101 _aSHJ
245 1 0 _aPlanning and control of land development :
_cDaniel R. Mandelker, Roger A. Cunningham, John M. Payne.
504 _aIncludes bibliographical references (p. xi-xii) and index.
906 _a7
_bcbc
_corignew
_d2
_eopcn
_f19
_gy-gencatlg
942 _2ddc
_cBK
999 _c42213
_d42213